Normal view
MARC view
Entry Personal Name
001 - CONTROL NUMBER
- control field: 1168827
003 - CONTROL NUMBER IDENTIFIER
- control field: OSt
005 - DATE AND TIME OF LATEST TRANSACTION
- control field: 20260324123040.0
008 - FIXED-LENGTH DATA ELEMENTS
- fixed length control field: 260324|| aca||aabn | a|a d
040 ## - CATALOGING SOURCE
- Original cataloging agency: OSt
- Transcribing agency: OSt
100 ## - HEADING--PERSONAL NAME
- Personal name: Victor Pestoff; Taco Brandsen; Bram Verschuere
670 ## - SOURCE DATA FOUND
- Source citation: Work cat.: (OSt)1762006: Victor Pestoff; Taco Brandsen; Bram Verschuere, New Public Governance, the Third Sector, and Co-Production
